000 00647nam a2200193 4500
001 122820
003 ES-MaACL
005 20230906192040.0
007 t|
008 070214s1961 mx r ||||0| spa d
245 0 0 _aProezas del pensamiento /
_ccompilado por Richard Thruelsen y John Kobler ; versión española de José Meza Nieto.
260 _aMéxico :
_bNovaro,
_c1961.
300 _a699 p ;
_c17 cm.
500 _aOriginalmente publicado en la revista Saturday Evening Post.
700 1 _aThruelsen, Richard.
_9110172
700 1 _aKobler, John.
_968391
700 1 _aMeza Nieto, José.
_980826
852 _aES-MaACL
_jC-28937
_bR.58305
999 _c122820
_d122820